| 000 | 00541nam a2200181 a 4500 | ||
|---|---|---|---|
| 005 | 20210223120815.0 | ||
| 008 | 991125s1965 ea 000 0 eng u | ||
| 035 | _aUPN01000007510 | ||
| 049 | _aCG | ||
| 050 | 4 |
_aPR4585 Z9 _bP4.2 |
|
| 100 | 1 |
_aPeach, Lawrence du Garde, _d1890-1974 _929806 |
|
| 245 | 1 | 0 |
_aCharles Dickens / _cby L. Du Garde Peach ; il. John Kenney. |
| 260 |
_aLoughborough : _bLadybird Books, _c1965. |
||
| 300 |
_a50 p. : _bil. col. |
||
| 440 | 0 |
_aSeries 561 ; _v20 |
|
| 600 | 1 | 4 |
_aDICKENS, CHARLES, _d1812-1870 |
| 905 | _aLibro | ||
| 999 |
_c7510 _d7510 |
||